Connaissez-vous bien la Suisse ? - Statistiques

Statistiques générales
  • Ce quiz a été pris 79 fois
  • Le résultat moyen est 18 sur 21
Statistiques - réponses
Question Réponse % Correct
Quelle montagne valaisanne figure sur les célèbres chocolats "Toblerones" ?
100%
Comment se présente les plaques Suisse pour des civils ?
100%
Combien de cantons composent la Suisse ? 26 cantons
100%
Quelle personnalité connue a eu la nationalité suisse ? Albert Einstein
100%
Quel est l'autre nom officiel pour désigner la Suisse ? La Confédération Helvétique
100%
Quel en est la particularité du système politique ? La Suisse est une démocratie directe, où les citoyens ont un fort pouvoir de décision à travers des référendums et des initiatives populaires.
100%
Comment la Suisse se place-t-elle au niveau de la guerre ? La Suisse est un pays neutre et n'a pas participé à un conflit armé international depuis plus de deux siècles
100%
Quel est la capitale de la Suisse ? Le canton de Berne
100%
Comment se présente la carte d'identité Suisse ?
94%
Combien de personnes dirigent la Suisse ? 7 personnes
94%
Quelle marque emblématique ne se situe pas en Suisse ? Ferrero
94%
Quel est le dernier canton à avoir rejoint la Suisse ? Le canton du Jura
94%
Quel est l'un des symboles de la Suisse ? L'edelweiss
94%
Quelle formule mathématique connue a été inventée en Suisse ? L'équation E = mc2
94%
Combien de langues bénéficient du statut officiel en Suisse ? Quatre langues
94%
Quel est le style architectural le plus répandu en suisse ?
88%
Quel type de chanson trouve-t-on exclusivement en Suisse ? Yodel
88%
De quel classement la suisse n'est elle pas membre ? Classement des pays les plus pauvres
81%
Quelles sont les premières paroles de l'hymne national suisse ? "Sur nos monts, quand le soleil..."
75%
Parmi ces quatre propositions, laquelle est en réalité fausse alors que même certains suisses en pensent le contraire ? Le romanche est issu d'un mélange entre l'italien et de l'allemand
50%
Quel est le métier le plus répandu en Suisse ? Infirmier/Infirmière
6%
Aucun quiz correspondant
Distribution des résultats
% des personnes avec chaque résultat
Percentile par nombre de réponses
Votre historique - résultats
Vous n’avez pas pris ce quiz